Music Quiz

Random Music or Kpop Quiz

Can you guess the k-idols smile? Quiz Stats

 Plays Quiz not verified by Sporcle

Also try: Band Reunions
Challenge
Share
Tweet
Score 0/30 Timer 12:00
0 Plays Today
% Correct
Rap Monster
96.2%
Baekhyun
94.6%
Gdragon
89.2%
Suga
87.9%
Siwon
80.1%
Sehun
77.5%
Scoups
72.5%
Taeyeon
71.5%
Lisa
70.5%
Suho
67.8%
Jeonghan
66.4%
Tiffany
61.7%
Choa
61.3%
Bom
58.9%
Sooyoung
57.9%
% Correct
Solar
55.2%
Taeyong
54.2%
Sungyeol
50.1%
Sungjae
49.3%
Johnny
47.1%
CL
46.4%
Joy
46%
Dahyun
37.4%
Suzy
36.2%
Krystal
33.9%
RenJun
23%
Namjoo
18.5%
Yura
14%
Jungshin
5.1%
Sanha
4.4%

You're not logged in!

Compare scores with friends on all Sporcle quizzes.
OR
Log In

You Might Also Like...

Show Comments

Extras

Top Quizzes Today


Score Distribution

Your Account Isn't Verified!

In order to create a playlist on Sporcle, you need to verify the email address you used during registration. Go to your Sporcle Settings to finish the process.

Report this User

Report this user for behavior that violates our Community Guidelines.

Details: